000
00273nam a2200109Ia 4500
008
200302s9999 xx 000 0 und d
100
_a
Svetlana Boym
245
_a
Architecture of the Off Modern
260
_b
Princeton Architectural Press
260
_c
2008
300
_a
80 P.,
999
_c
4188
_d
4188